Aktuální problémy sociální politiky EÚ

Sociálna politika EÚ a význam lisanonskej stratégie. Sociálny pilier lisabonskej stratégie. Modernizácia európskeho sociálneho modelu.

Gespeichert in:
Bibliographische Detailangaben
1. Verfasser: Halásková, Renáta
Format: Buchkapitel
Sprache:Tschechisch
Schlagworte:
Tags: Tag hinzufügen
Keine Tags, Fügen Sie das erste Tag hinzu!

MARC

LEADER 00000naa$a2200000$$$4500
001 0055827
005 20220718123311.1
041 0 |a cze 
044 |a SK 
245 1 0 |a Aktuální problémy sociální politiky EÚ  |c Renáta Halásková 
520 |a Sociálna politika EÚ a význam lisanonskej stratégie. Sociálny pilier lisabonskej stratégie. Modernizácia európskeho sociálneho modelu. 
610 2 0 |a politika sociálna 
610 2 0 |a Európska únia 
610 2 0 |a spolupráca medzinárodná 
610 2 0 |a podmienky sociálne 
610 2 0 |a fondy štruktúrne 
100 1 |a Halásková, Renáta